| 000 | 00799nam a2200253Ia 4500 | ||
|---|---|---|---|
| 003 | OSt | ||
| 005 | 20220918171304.0 | ||
| 006 | a|||||r|||| 00| 0 | ||
| 007 | ta | ||
| 008 | 220917b |||||||| |||| 00| 0 eng d | ||
| 020 |
_a9781472442284 (hbk) _c5664 |
||
| 024 | _a285,739 | ||
| 037 |
_b988, 12/03/2015, Bright Book Service _cTextual |
||
| 040 |
_aARTS _cARTS _beng |
||
| 041 |
_2eng _aeng |
||
| 082 | _aW0aY:1, Q4 | ||
| 100 |
_aWiarda Howard J. _935461 |
||
| 245 | 0 |
_aPolitical culture political science and identity politics _b An uneasy alliance |
|
| 260 |
_aSurrey _bAshgate UK _c2014 |
||
| 300 |
_axii, 202p. _ccm. |
||
| 650 | _aPOLITICAL SCIENCE | ||
| 942 |
_hW0aY:1, Q4 _cTEXL _2CC |
||
| 999 |
_c138817 _d138817 |
||